[Event "HUN-chT2 Breyer 1819"]
[Site "Hungary"]
[Date "2019.03.10"]
[Round "7.11"]
[White "Paksi, Gyula"]
[Black "Gazdag, Peter"]
[Result "1/2-1/2"]
[WhiteElo "1791"]
[BlackElo "1331"]
[PlyCount "83"]
[EventDate "2018.10.28"]
[EventType "team-tourn"]
[EventRounds "9"]
[EventCountry "HUN"]
[SourceTitle "EXT 2021"]
[Source "ChessBase"]
[SourceDate "2020.10.23"]
[SourceVersion "1"]
[SourceVersionDate "2020.10.23"]
[SourceQuality "1"]
[WhiteTeam "Budapest HASE"]
[BlackTeam "Szekesfehervar"]
[WhiteTeamCountry "HUN"]
[BlackTeamCountry "HUN"]

1. d4 Nf6 2. Bf4 g6 3. e3 Bg7 4. Nf3 d6 5. Be2 0-0 6. h3 b6 7. Nbd2 Bb7 8. c3 Nbd7 9. a4 a5 10. 0-0 Ne4 11. Bh2 Nxd2 12. Nxd2 e5 13. Qb3 Kh8 14. Rfd1 f5 15. dxe5 Nxe5 16. Nc4 Qg5 17. Bg3 Nxc4 18. Bxc4 Be5 19. Bxe5+ dxe5 20. Bd5 Bxd5 21. Rxd5 f4 22. exf4 Qxf4 23. Qc2 Rf5 24. Qd2 Raf8 25. f3 Qxd2 26. Rxd2 R5f7 27. Re1 Re7 28. Rd5 Rfe8 29. Re4 Kg7 30. Kf2 Kf6 31. c4 Re6 32. b3 Rd6 33. Rxd6+ cxd6 34. Ke3 g5 35. g3 Rg8 36. g4 Ke6 37. Kd3 Rh8 38. Re1 h5 39. Ke4 hxg4 40. hxg4 Rh2 41. Re3 Rd2 42. Rc3 1/2-1/2

[Event "HUN-chT2 Breyer 1718"]
[Site "Hungary"]
[Date "2017.10.29"]
[Round "3.10"]
[White "Kovacs, Balazs"]
[Black "Paksi, Gyula"]
[Result "1/2-1/2"]
[WhiteElo "1765"]
[BlackElo "1867"]
[PlyCount "49"]
[EventDate "2017.09.24"]
[EventType "team-tourn"]
[EventRounds "11"]
[EventCountry "HUN"]
[SourceTitle "EXT 2021"]
[Source "ChessBase"]
[SourceDate "2020.10.23"]
[SourceVersion "1"]
[SourceVersionDate "2020.10.23"]
[SourceQuality "1"]
[WhiteTeam "Tatabanya Turul"]
[BlackTeam "Budapest HASE"]
[WhiteTeamCountry "HUN"]
[BlackTeamCountry "HUN"]

1. e4 e6 2. d4 d5 3. Nc3 dxe4 4. Nxe4 Nd7 5. Nf3 Ngf6 6. Bd3 Be7 7. 0-0 0-0 8. Bf4 b6 9. c4 Bb7 10. Nxf6+ Nxf6 11. Be3 Nd7 12. Ne5 Rc8 13. Qh5 Nf6 14. Qh3 c5 15. Ng4 g6 16. Rad1 Nxg4 17. Qxg4 cxd4 18. Bxd4 Bf6 19. Be2 Bxd4 20. Qxd4 Qg5 21. g3 Rfd8 22. Qc3 Qc5 23. Qf6 Rf8 24. b3 Qc7 25. Bf3 1/2-1/2

[Event "HUN-chT2 Maroczy 1112"]
[Site "Hungary"]
[Date "2012.04.22"]
[Round "9"]
[White "Barcsi, Judit"]
[Black "Paksi, Gyula"]
[Result "1/2-1/2"]
[WhiteElo "2043"]
[BlackElo "1996"]
[PlyCount "33"]
[EventDate "2011.09.25"]
[EventType "team-tourn"]
[EventRounds "11"]
[EventCountry "HUN"]
[SourceTitle "EXT 2013"]
[Source "ChessBase"]
[SourceDate "2012.11.22"]
[SourceVersion "1"]
[SourceVersionDate "2012.11.22"]
[SourceQuality "1"]
[WhiteTeam "Maroczy"]
[BlackTeam "Lila Futo"]
[WhiteTeamCountry "HUN"]
[BlackTeamCountry "HUN"]

1. e4 e6 2. d4 d5 3. exd5 exd5 4. c4 Nf6 5. Nc3 c6 6. Nf3 Be7 7. Ne5 0-0 8. Bd3 dxc4 9. Bxc4 Nbd7 10. 0-0 Nb6 11. Bb3 Bf5 12. Re1 Nbd5 13. Qf3 Be6 14. Bg5 Nc7 15. Ne2 Bxb3 16. Qxb3 Qc8 17. Ng3 1/2-1/2

[Event "HUN-chT2 Erkel 1011"]
[Site "Hungary"]
[Date "2010.10.24"]
[Round "4.6"]
[White "Nagy, Karoly1111"]
[Black "Paksi, Gyula"]
[Result "1-0"]
[WhiteElo "2109"]
[BlackElo "2023"]
[PlyCount "57"]
[EventDate "2010.09.12"]
[EventType "team-tourn"]
[EventRounds "11"]
[EventCountry "HUN"]
[SourceTitle "EXT 2012"]
[Source "ChessBase"]
[SourceDate "2011.11.24"]
[SourceVersion "1"]
[SourceVersionDate "2011.11.24"]
[SourceQuality "1"]
[WhiteTeam "Jaszbereny"]
[BlackTeam "Foti"]
[WhiteTeamCountry "HUN"]
[BlackTeamCountry "HUN"]

1. e4 e5 2. Nc3 Nc6 3. Bc4 Nf6 4. d3 Be7 5. f4 exf4 6. Bxf4 d6 7. Nf3 Bg4 8. Qe2 a6 9. a3 Qd7 10. Qf2 h6 11. h3 Be6 12. Nd5 Na5 13. Ba2 Nc6 14. c3 Nh5 15. Bh2 Nf6 16. Qe2 0-0-0 17. c4 g5 18. 0-0-0 g4 19. hxg4 Nxg4 20. Bf4 f5 21. Kb1 fxe4 22. dxe4 Rdf8 23. Qd2 h5 24. Ka1 Qe8 25. c5 Bxd5 26. exd5 Nce5 27. Bxe5 Nxe5 28. Nxe5 dxe5 29. d6 1-0

[Event "HUN-chT2 Erkel 0910"]
[Site "Hungary"]
[Date "2010.02.28"]
[Round "7.9"]
[White "Valis, Janos"]
[Black "Paksi, Gyula"]
[Result "1-0"]
[WhiteElo "2105"]
[BlackElo "2003"]
[PlyCount "91"]
[EventDate "2009.11.08"]
[EventType "team-tourn"]
[EventRounds "11"]
[EventCountry "HUN"]
[SourceTitle "EXT 2011"]
[Source "ChessBase"]
[SourceDate "2010.11.26"]
[SourceVersion "1"]
[SourceVersionDate "2010.11.26"]
[SourceQuality "1"]
[WhiteTeam "Husi"]
[BlackTeam "Foti"]
[WhiteTeamCountry "HUN"]
[BlackTeamCountry "HUN"]

1. e4 e5 2. Nc3 Nc6 3. g3 Nf6 4. Bg2 Be7 5. Nge2 d6 6. 0-0 0-0 7. d3 Be6 8. f4 exf4 9. gxf4 Bg4 10. Be3 Nd7 11. Nd5 f5 12. Qd2 Bxe2 13. Qxe2 fxe4 14. dxe4 Nf6 15. c4 Qd7 16. Rad1 Rae8 17. e5 Nxd5 18. cxd5 Nd8 19. Be4 dxe5 20. fxe5 Rxf1+ 21. Rxf1 Rf8 22. Rc1 g6 23. Bh6 Re8 24. e6 Nxe6 25. dxe6 Qxe6 26. Rxc7 Qb6+ 27. Qf2 Qd6 28. Bf4 Qd1+ 29. Qf1 Qg4+ 30. Kh1 Bf6 31. Bd5+ Kh8 32. Bd2 Qd4 33. Bg2 Qxb2 34. Rf7 Bg7 35. Qc1 Qxa2 36. Rc7 Qe6 37. Rxb7 Rc8 38. Rc7 Rxc7 39. Qxc7 Be5 40. Qxa7 Qd6 41. Qf7 Qf6 42. Qe8+ Kg7 43. Qd7+ Qf7 44. Bh6+ Kf6 45. Qd8+ Kf5 46. Bd5 1-0

[Event "HUN-chT2 Erkel 0607"]
[Site "Hungary"]
[Date "2007.05.20"]
[Round "11"]
[White "Paksi, Gyula"]
[Black "Papista, Akos"]
[Result "0-1"]
[WhiteElo "2031"]
[BlackElo "2161"]
[PlyCount "64"]
[EventDate "2006.11.12"]
[EventType "team"]
[EventRounds "11"]
[EventCountry "HUN"]
[SourceTitle "EXT 2008"]
[Source "ChessBase"]
[SourceDate "2007.11.25"]
[SourceVersion "1"]
[SourceVersionDate "2007.11.25"]
[SourceQuality "1"]
[WhiteTeam "Foti"]
[BlackTeam "Keviterv"]
[WhiteTeamCountry "HUN"]
[BlackTeamCountry "HUN"]

1. d4 d5 2. Nf3 c6 3. c4 dxc4 4. g3 e6 5. Bg2 b5 6. a4 Bb7 7. Ne5 a6 8. axb5 axb5 9. Rxa8 Bxa8 10. 0-0 f6 11. Nf3 Ne7 12. b3 cxb3 13. Qxb3 Nd5 14. e4 Nc7 15. Bf4 Nba6 16. Nc3 Be7 17. Bxc7 Nxc7 18. d5 b4 19. Na4 cxd5 20. Nb6 dxe4 21. Rd1 Nd5 22. Nxa8 exf3 23. Bh3 Qxa8 24. Bxe6 Nc3 25. Re1 Kf8 26. Qc4 h5 27. h4 g6 28. Qd3 Kg7 29. Bb3 Qb7 30. Qe3 Bd6 31. Qd3 Bc5 32. Qc4 Ne2+ 0-1

[Event "HUN-chT2 Erkel 0506"]
[Site "Hungary"]
[Date "2006.02.12"]
[Round "7"]
[White "Kovacs, Istvan3333"]
[Black "Paksi, Gyula"]
[Result "1/2-1/2"]
[WhiteElo "2063"]
[BlackElo "2043"]
[PlyCount "65"]
[EventDate "2005.10.16"]
[EventType "team"]
[EventRounds "11"]
[EventCountry "HUN"]
[SourceTitle "EXT 2009"]
[Source "ChessBase"]
[SourceDate "2008.11.26"]
[SourceVersion "1"]
[SourceVersionDate "2008.11.26"]
[SourceQuality "1"]
[WhiteTeam "Ujszasz"]
[BlackTeam "Foti"]
[WhiteTeamCountry "HUN"]
[BlackTeamCountry "HUN"]

1. e4 e6 2. d4 d5 3. exd5 exd5 4. Nc3 c6 5. Bd3 Nf6 6. h3 Bd6 7. Nf3 0-0 8. Be3 Qb6 9. Rb1 Re8 10. 0-0 Qc7 11. Re1 Be6 12. Bg5 Nbd7 13. b4 a6 14. a4 h6 15. Be3 Nh5 16. Qd2 Ndf6 17. b5 axb5 18. axb5 Ne4 19. Nxe4 dxe4 20. Bxe4 Ba2 21. Bxh6 Re6 22. Bxg7 Bf4 23. Qc3 Bxb1 24. d5 cxd5 25. Qd4 dxe4 26. Nh4 Bxc2 27. Nf5 Bh2+ 28. Kh1 Be5 29. Qe3 Bf4 30. Qe2 Bd3 31. Qxh5 f6 32. Qh8+ Kf7 33. Qh5+ 1/2-1/2